Personnages de The Legend of Zealda BOTW - Statistiques

Statistiques générales
  • Ce quiz a été pris 66 fois
  • Le résultat moyen est 23 sur 37
Statistiques - réponses
Par images Réponse % Correct
Link
100%
Zelda
100%
Impa
85%
Ombre d'eau de Ganon
82%
Ombre de feu de Ganon
82%
Ombre de foudre de Ganon
82%
Ombre de vent de Ganon
82%
Mipha
80%
Daruk
78%
Sidon
78%
Revali
75%
Vah Medoh
75%
Vah Naboris
73%
Vah Ruta
73%
Nedrac
71%
Ordrac
71%
Urbosa
69%
Yunobo
69%
Riju
67%
Vah Rudania
67%
Pru'Ha
65%
Noia
64%
Arbre Mojo
62%
Faras
62%
Rordrac
60%
Le Grand Kohga
56%
Teba
55%
Ganon le Fléau
47%
Dorefah
45%
Pahya
44%
Beterah
36%
Roham Bosphoramus Hyrule / Vieil homme
33%
Buldo
27%
Ganon Créature Maléfique
27%
Canel
24%
Kai
22%
Guide Miz'Kyosia
13%
Aucun quiz correspondant
Distribution des résultats
% des personnes avec chaque résultat
Percentile par nombre de réponses
Votre historique - résultats
Vous n’avez pas pris ce quiz